| 000 | 00953nam a22002417a 4500 | ||
|---|---|---|---|
| 005 | 20120103103125.0 | ||
| 008 | 120103t xxu||||| |||| 00| 0 eng d | ||
| 010 | _aENG-104545 | ||
| 020 |
_a9780415501774 _c795.00 |
||
| 035 | _aEN-88078 | ||
| 037 | _bDBAD/PUB | ||
| 040 |
_aDPL _bEng |
||
| 082 | _a305.420954 | ||
| 245 |
_aVoices from the periphery : _bsubalternity and empowerment in India / _cedited by Marine Carrin [and] Lidia Guzy |
||
| 260 |
_aNew Delhi _bRoutledge _c2012 |
||
| 270 |
_a912, Tolstoy House, 15-17 Tolstoy Marg, Connaught Place _bNew Delhi _e110001 |
||
| 300 |
_axx,304p. _c23cm (Hb) |
||
| 500 | _aIncludes bibliographical references and index | ||
| 700 |
_aCarrin, Marine _937866 |
||
| 700 |
_aGuzy, Lidia _937867 |
||
| 942 |
_2ddc _cEN _h305.420954 _mVOI |
||
| 999 |
_c60147 _d60147 |
||